000 00498nam a2200181Ia 4500
003 GCL
008 140319s9999 xx 000 0 eng d
040 _aGCL /
_cGCL
082 0 4 _a944.0837
_bD P
100 1 _aD'ESTAING, VALERY GISCARD
245 1 0 _aLE POUVOIR ET LA VIE: L'AFFRONTEMENT /
_cD'ESTAING, VALERY GISCARD
260 _a[S.N] :
_bCOMPAGNIE 12 ،
_c1991
300 _a471 P
650 0 4 _aFRANCE
650 0 4 _aFRENCH HISTORY
650 0 4 _aD'ESTAING, VALERY GISCARD
942 _2ddc
_cBK
999 _c24697
_d24697